<?xml version="1.0" encoding="UTF-8"?>
<record
    xmlns:xsi="http://www.w3.org/2001/XMLSchema-instance"
    xsi:schemaLocation="http://www.loc.gov/MARC21/slim http://www.loc.gov/standards/marcxml/schema/MARC21slim.xsd"
    xmlns="http://www.loc.gov/MARC21/slim">

  <leader>02490nam a22002897a 4500</leader>
  <controlfield tag="001">194</controlfield>
  <controlfield tag="003">BR-CuiBMT</controlfield>
  <controlfield tag="005">20231116221520.0</controlfield>
  <controlfield tag="008">230828b2022    mgba          00| 0 por d</controlfield>
  <datafield tag="020" ind1=" " ind2=" ">
    <subfield code="a">9786555183160 (v. 1)</subfield>
  </datafield>
  <datafield tag="020" ind1=" " ind2=" ">
    <subfield code="a">9786555183399 (v. 2)</subfield>
  </datafield>
  <datafield tag="040" ind1=" " ind2=" ">
    <subfield code="a">BR-CuiBMT</subfield>
    <subfield code="c">BR-CuiBMT</subfield>
  </datafield>
  <datafield tag="080" ind1=" " ind2=" ">
    <subfield code="a">343</subfield>
    <subfield code="2">2007</subfield>
  </datafield>
  <datafield tag="090" ind1=" " ind2=" ">
    <subfield code="a">343</subfield>
    <subfield code="b">L514</subfield>
  </datafield>
  <datafield tag="245" ind1=" " ind2=" ">
    <subfield code="a">Legisla&#xE7;&#xE3;o penal extravagante /</subfield>
    <subfield code="c">Alexandre Rocha Almeida de Moraes, F&#xE1;bio Ianni Goldfinger, coordenadores ; [autores Alexandre Rocha Almeida de Moraes ... et al.].</subfield>
  </datafield>
  <datafield tag="260" ind1=" " ind2=" ">
    <subfield code="a">Belo Horizonte :</subfield>
    <subfield code="b">F&#xF3;rum,</subfield>
    <subfield code="c">2022.</subfield>
  </datafield>
  <datafield tag="300" ind1=" " ind2=" ">
    <subfield code="a">2. v. ;</subfield>
    <subfield code="c">24 cm</subfield>
  </datafield>
  <datafield tag="504" ind1=" " ind2=" ">
    <subfield code="a">Inclui bibliografia.</subfield>
  </datafield>
  <datafield tag="505" ind1=" " ind2=" ">
    <subfield code="a">Conte&#xFA;do completo: v. 1. Crimes de genoc&#xED;dio (Lei n&#xBA; 2.889, de 1&#xBA; de outubro de 1956). Crimes hediondos (Lei n&#xBA; 8.072/90 e respectivas altera&#xE7;&#xF5;es). Lei de intercepta&#xE7;&#xE3;o telef&#xF4;nica (Lei n&#xBA; 9.296, de 24 de julho 1996). Crimes de transplante de &#xF3;rg&#xE3;os e tecidos (Lei n&#xBA; 9.434, de 1997). Lei de tortura (Lei n&#xBA; 9.455, de 7 de abril de 1997). Lavagem de dinheiro (Lei n&#xBA; 9.613, de 3 de mar&#xE7;o de 1998 e Lei n&#xBA; 12.683, de 9 de julho de 2012). Estatuto do desarmamento (Lei n&#xBA; 10.826, de 22 de dezembro de 2003). Lei de drogas (Lei n&#xBA; 11.343, de 26 de agosto de 2006). Terrorismo (Lei n&#xBA; 13.260, de 16 de mar&#xE7;o de 2016). Organiza&#xE7;&#xE3;o criminosa (Lei n&#xBA; 12.850, de 2 de agosto de 2013). Abuso de autoridade (Lei n&#xBA; 13.869, de 5 de setembro de 2019) -- v. 2. Contraven&#xE7;&#xF5;es penais (Decreto-Lei n&#xBA; 3.688, de 3 de outubro de 1941). Crimes de responsabilidade de prefeitos (DecretoLei n&#xBA; 201, de 27 de fevereiro de 1967). Crimes de parcelamento do solo (Lei n&#xBA; 6.766, de 19 de dezembro de 1979). Crimes contra o sistema financeiro (Lei n&#xBA; 7.492, de 16 de junho de 1986). Crimes contra rela&#xE7;&#xE3;o de consumo (Lei n&#xBA; 8.078, de 11 de setembro de 1990). Crimes do c&#xF3;digo de tr&#xE2;nsito brasileiro (Lei n&#xBA; 9.503, de 23 de setembro de 1997). Estatuto de defesa do torcedor (Lei n&#xBA; 10.671, de 15 de maio de 2003). Crimes falimentares (Lei n&#xBA; 11.101, de 9 de fevereiro de 2005). Patrim&#xF4;nio gen&#xE9;tico (Lei n&#xBA; 11.105, de 24 de mar&#xE7;o de 2005). Viol&#xEA;ncia dom&#xE9;stica &#x2013; Lei Maria da Penha (Lei n&#xBA; 11.340, de 7 de agosto de 2006).</subfield>
  </datafield>
  <datafield tag="650" ind1=" " ind2=" ">
    <subfield code="a">Direito penal</subfield>
    <subfield code="x">Legisla&#xE7;&#xE3;o</subfield>
  </datafield>
  <datafield tag="650" ind1=" " ind2=" ">
    <subfield code="a">Direito processual penal</subfield>
  </datafield>
  <datafield tag="650" ind1=" " ind2=" ">
    <subfield code="a">Legisla&#xE7;&#xE3;o penal</subfield>
  </datafield>
  <datafield tag="650" ind1=" " ind2=" ">
    <subfield code="a">Crime organizado</subfield>
    <subfield code="x">Legisla&#xE7;&#xE3;o</subfield>
  </datafield>
  <datafield tag="700" ind1="1" ind2="0">
    <subfield code="a">Moraes, Alexandre Rocha Almeida de</subfield>
    <subfield code="4">coord.</subfield>
  </datafield>
  <datafield tag="700" ind1="1" ind2="0">
    <subfield code="a">Goldfinger, F&#xE1;bio Ianni</subfield>
    <subfield code="4">coord.</subfield>
  </datafield>
  <datafield tag="942" ind1=" " ind2=" ">
    <subfield code="2">udc</subfield>
    <subfield code="c">LV</subfield>
  </datafield>
  <datafield tag="952" ind1=" " ind2=" ">
    <subfield code="0">0</subfield>
    <subfield code="1">0</subfield>
    <subfield code="2">udc</subfield>
    <subfield code="4">0</subfield>
    <subfield code="7">0</subfield>
    <subfield code="a">BIBTCEMT</subfield>
    <subfield code="b">BIBTCEMT</subfield>
    <subfield code="d">2023-11-16</subfield>
    <subfield code="h">v. 1</subfield>
    <subfield code="l">0</subfield>
    <subfield code="o">343 L514</subfield>
    <subfield code="p">BIBTCEMT23110676</subfield>
    <subfield code="r">2023-11-16</subfield>
    <subfield code="t">Ex. 1</subfield>
    <subfield code="w">2023-11-16</subfield>
    <subfield code="y">LV</subfield>
  </datafield>
  <datafield tag="952" ind1=" " ind2=" ">
    <subfield code="0">0</subfield>
    <subfield code="1">0</subfield>
    <subfield code="2">udc</subfield>
    <subfield code="4">0</subfield>
    <subfield code="7">0</subfield>
    <subfield code="a">BIBTCEMT</subfield>
    <subfield code="b">BIBTCEMT</subfield>
    <subfield code="d">2023-11-16</subfield>
    <subfield code="h">v. 1</subfield>
    <subfield code="l">0</subfield>
    <subfield code="o">343 L514</subfield>
    <subfield code="p">BIBTCEMT23110677</subfield>
    <subfield code="r">2023-11-16</subfield>
    <subfield code="t">Ex. 2</subfield>
    <subfield code="w">2023-11-16</subfield>
    <subfield code="y">LV</subfield>
  </datafield>
  <datafield tag="952" ind1=" " ind2=" ">
    <subfield code="0">0</subfield>
    <subfield code="1">0</subfield>
    <subfield code="2">udc</subfield>
    <subfield code="4">0</subfield>
    <subfield code="7">0</subfield>
    <subfield code="a">BIBTCEMT</subfield>
    <subfield code="b">BIBTCEMT</subfield>
    <subfield code="d">2023-11-16</subfield>
    <subfield code="h">v. 1</subfield>
    <subfield code="l">0</subfield>
    <subfield code="o">343 L514</subfield>
    <subfield code="p">BIBTCEMT23110678</subfield>
    <subfield code="r">2023-11-16</subfield>
    <subfield code="t">Ex. 3</subfield>
    <subfield code="w">2023-11-16</subfield>
    <subfield code="y">LV</subfield>
  </datafield>
  <datafield tag="952" ind1=" " ind2=" ">
    <subfield code="0">0</subfield>
    <subfield code="1">0</subfield>
    <subfield code="2">udc</subfield>
    <subfield code="4">0</subfield>
    <subfield code="7">0</subfield>
    <subfield code="a">BIBTCEMT</subfield>
    <subfield code="b">BIBTCEMT</subfield>
    <subfield code="d">2023-11-16</subfield>
    <subfield code="h">v. 2</subfield>
    <subfield code="l">0</subfield>
    <subfield code="o">343 L514</subfield>
    <subfield code="p">BIBTCEMT23110679</subfield>
    <subfield code="r">2023-11-16</subfield>
    <subfield code="t">Ex. 1</subfield>
    <subfield code="w">2023-11-16</subfield>
    <subfield code="y">LV</subfield>
  </datafield>
  <datafield tag="952" ind1=" " ind2=" ">
    <subfield code="0">0</subfield>
    <subfield code="1">0</subfield>
    <subfield code="2">udc</subfield>
    <subfield code="4">0</subfield>
    <subfield code="7">0</subfield>
    <subfield code="a">BIBTCEMT</subfield>
    <subfield code="b">BIBTCEMT</subfield>
    <subfield code="d">2023-11-16</subfield>
    <subfield code="h">v. 2</subfield>
    <subfield code="l">0</subfield>
    <subfield code="o">343 L514</subfield>
    <subfield code="p">BIBTCEMT23110680</subfield>
    <subfield code="r">2023-11-16</subfield>
    <subfield code="t">Ex. 2</subfield>
    <subfield code="w">2023-11-16</subfield>
    <subfield code="y">LV</subfield>
  </datafield>
  <datafield tag="952" ind1=" " ind2=" ">
    <subfield code="0">0</subfield>
    <subfield code="1">0</subfield>
    <subfield code="2">udc</subfield>
    <subfield code="4">0</subfield>
    <subfield code="7">0</subfield>
    <subfield code="a">BIBTCEMT</subfield>
    <subfield code="b">BIBTCEMT</subfield>
    <subfield code="d">2023-11-16</subfield>
    <subfield code="h">v. 2</subfield>
    <subfield code="l">0</subfield>
    <subfield code="o">343 L514</subfield>
    <subfield code="p">BIBTCEMT23110681</subfield>
    <subfield code="r">2023-11-16</subfield>
    <subfield code="t">Ex. 3</subfield>
    <subfield code="w">2023-11-16</subfield>
    <subfield code="y">LV</subfield>
  </datafield>
  <datafield tag="999" ind1=" " ind2=" ">
    <subfield code="c">194</subfield>
    <subfield code="d">194</subfield>
  </datafield>
</record>
